Statistics for Most global French-speaking cities in the world

Click here to take the quiz!

General Stats

  • This quiz has been taken 748 times
    (180 since last reset)
  • The average score is 15 of 25

Answer Stats

CategoryCity% Correct
Alpha+Paris
99%
Beta-Lyon
94%
SufficiencyMarseille
91%
Alpha-Montreal
89%
SufficiencyNice
87%
AlphaBrussels
84%
SufficiencyBordeaux
82%
SufficiencyQuebec
79%
SufficiencyToulouse
76%
Beta-Geneva
76%
Gamma-Nantes
70%
SufficiencyKinshasa
70%
SufficiencyLille
69%
SufficiencyStrasbourg
65%
High SufficiencyDakar
56%
Alpha-Luxembourg
56%
SufficiencyAbidjan
45%
SufficiencyMontpellier
45%
SufficiencyLiege
40%
High sufficiencyLausanne
32%
SufficiencyAntananarivo
29%
High SufficiencyDouala
28%
SufficiencyGrenoble
28%
SufficiencyLibreville
26%
Gamma-Port Louis
21%

Score Distribution

Percentile by Number Answered

Percent of People with Each Score

Your Score History

You have not taken this quiz since the last reset